|
|
|
|
| LEADER |
01382pam a22003738a 4500 |
| 001 |
00034576 |
| 005 |
20171026081025.0 |
| 008 |
161007s2015 ||||||Viesd |
| 020 |
# |
# |
|a 978 604 73 3758 3
|
| 041 |
0 |
# |
|a Vie
|
| 082 |
1 |
4 |
|a 797.200 71
|b GI108TR
|
| 245 |
1 |
0 |
|a Giáo trình bơi lội
|c Huỳnh Trọng Khải;Nguyễn Thành Sơn; Nguyễn Mạnh Kha; Thái Thị Diễm Thúy.
|
| 250 |
# |
# |
|a Tái bản lần thứ nhất
|b Chỉnh sửa và bổ sung
|
| 260 |
# |
# |
|a Tp. Hồ Chí Minh
|b Đại học quốc gia
|c 2015
|
| 300 |
# |
# |
|a 160 tr.
|c 24 cm.
|
| 500 |
# |
# |
|a ĐTTS:Bộ giáo dục và đào tạo. Đại học sư phạm TDTT thành phố Hồ Chí Minh
|
| 653 |
# |
# |
|a Bơi lội
|
| 653 |
# |
# |
|a Giáo Trình
|
| 653 |
# |
# |
|a Hướng dẫn
|
| 700 |
1 |
# |
|a Huỳnh, Trọng Khải
|e Chủ biên
|
| 700 |
1 |
# |
|a Nguyễn, Mạnh Kha
|
| 700 |
1 |
# |
|a Nguyễn, Thành Sơn
|
| 700 |
1 |
# |
|a Thái, Thị Diễm Thúy
|
| 852 |
# |
# |
|b Kho mượn
|j KGT.0051175, KGT.0051176, KGT.0051177, KGT.0051178
|
| 852 |
# |
# |
|b Kho đọc
|j KD.0018540
|
| 852 |
# |
# |
|j KGT.0051175
|j KGT.0051177
|j KD.0018540
|j KGT.0051178
|j KGT.0051176
|
| 910 |
|
|
|d 07/10/2016
|
| 980 |
# |
# |
|a Trung tâm Học liệu Lê Vũ Hùng, Trường Đại học Đồng Tháp
|